000 00430nam a2200157 4500
001 119178
003 ES-MaACL
007 t|
008 070214s1931 fr r ||||1| fre d
100 1 _aPhilibert, André.
_991656
245 1 0 _aPrécis de bacteriologie médicale /
_cAndré Philibert.
250 _a2ª. ed. rev.
260 _aParis :
_bLaval,
_c1931.
300 _aXII, 551 p. :
_bil. ;
_c19 cm.
852 _aES-MaACL
_jE-261
999 _c119178
_d119178